| Tag |
First Indicator |
Second Indicator |
Subfields |
| LEADER |
00000cam a2200000Ia 4500 |
| 001 |
in00002007013 |
| 005 |
20220105141521.0 |
| 006 |
m d |
| 007 |
cr cnu---unuuu |
| 008 |
031125s2004 nju sb 001 0 eng d |
| 020 |
|
|
|a 1410609081 (electronic bk.)
|
| 035 |
|
|
|a (OCoLC)ocm53721706
|
| 040 |
|
|
|a N$T
|c N$T
|d UtOrBLW
|
| 049 |
|
|
|a IKMN
|
| 050 |
1 |
4 |
|a TK6679.3
|b .I59 2004eb
|
| 082 |
0 |
4 |
|a 384.55
|2 22
|
| 245 |
0 |
0 |
|a Internet television /
|c edited by Eli Noam, Jo Groebel, Darcy Gerbarg.
|
| 264 |
|
1 |
|a Mahwah, NJ :
|b Lawrence Erlbaum,
|c 2004.
|
| 300 |
|
|
|a xxviii, 250 pages
|
| 336 |
|
|
|a text
|b txt
|2 rdacontent
|
| 337 |
|
|
|a computer
|b c
|2 rdamedia
|
| 338 |
|
|
|a online resource
|b cr
|2 rdacarrier
|
| 490 |
1 |
|
|a European Institute for the Media series
|
| 504 |
|
|
|a Includes bibliographical references and index.
|
| 533 |
|
|
|a Electronic reproduction.
|b Boulder, Colo. :
|c NetLibrary,
|d 2003.
|n Available via World Wide Web.
|n Access may be limited to NetLibrary affiliated libraries.
|
| 500 |
|
|
|a Electronic resource.
|
| 650 |
|
0 |
|a Interactive television.
|0 http://id.loc.gov/authorities/subjects/sh88003511
|
| 655 |
|
7 |
|a Electronic books.
|2 local
|
| 700 |
1 |
|
|a Noam, Eli M.
|0 http://id.loc.gov/authorities/names/n82220864
|
| 700 |
1 |
|
|a Groebel, Jo.
|0 http://id.loc.gov/authorities/names/n88051973
|
| 700 |
1 |
|
|a Gerbarg, Darcy.
|0 http://id.loc.gov/authorities/names/n98079442
|
| 710 |
2 |
|
|a NetLibrary, Inc.
|0 http://id.loc.gov/authorities/names/no99080690
|
| 776 |
1 |
|
|c Original
|z 0805843051
|z 080584306X
|w (DLC) 2002035400
|w (OCoLC)50844431
|
| 830 |
|
0 |
|a European Institute for the Media series.
|0 http://id.loc.gov/authorities/names/n2003103328
|
| 856 |
4 |
1 |
|u https://proxy.library.tamu.edu/login?url=http://www.netLibrary.com/urlapi.asp?action=summary&v=1&bookid=98763
|z Connect to the full text of this electronic book
|t 0
|
| 994 |
|
|
|a 92
|b IKM
|
| 999 |
|
|
|a MARS
|
| 999 |
f |
f |
|s 93854391-c4dd-34ef-a915-34eff6e8e40a
|i 5f73b709-6d80-35a9-803b-2b80eed4fe94
|t 0
|
| 952 |
f |
f |
|a Texas A&M University
|b College Station
|c Electronic Resources
|d Available Online
|t 0
|e TK6679.3 .I59 2004eb
|h Library of Congress classification
|
| 998 |
f |
f |
|a TK6679.3 .I59 2004eb
|t 0
|l Available Online
|